Public 'kept in dark' over seller's pack (Record no. 66173)

MARC details
000 -LEADER
fixed length control field 00754cam a2200193 4500
001 - CONTROL NUMBER
control field WB3708-09
008 - FIXED-LENGTH DATA ELEMENTS--GENERAL INFORMATION
fixed length control field 000000n2001 000 0 eng u
035 ## - SYSTEM CONTROL NUMBER
System control number (Sirsi) u111072
245 ## - TITLE STATEMENT
Title Public 'kept in dark' over seller's pack
260 ## - PUBLICATION, DISTRIBUTION, ETC.
Date of publication, distribution, etc. 2001
490 ## - SERIES STATEMENT
Series statement Estates Gazette
Volume/sequential designation (0107) 17 February 2001, 46(1)
520 ## - SUMMARY, ETC.
Summary, etc. Government is accused by a consortium of organisations of failing to provide enough information about the new compulsory home seller's packs. An education process is being encouraged to change public opinion before the scheme becomes a legal requirement in 2003.
590 ## - LOCAL NOTE (RLIN)
Local note WB
650 ## - SUBJECT ADDED ENTRY--TOPICAL TERM
Topical term or geographic name entry element HOME SELLER'S INFORMATION PACK
650 ## - SUBJECT ADDED ENTRY--TOPICAL TERM
Topical term or geographic name entry element SELLERS INFORMATION PACKS
650 ## - SUBJECT ADDED ENTRY--TOPICAL TERM
Topical term or geographic name entry element DETR
690 ## - LOCAL SUBJECT ADDED ENTRY--TOPICAL TERM (OCLC, RLIN)
Topical term or geographic name as entry element HOUSING
942 ## - ADDED ENTRY ELEMENTS (KOHA)
Suppress in OPAC 0
Holdings
Withdrawn status Lost status Source of classification or shelving scheme Damaged status Not for loan Home library Current library Shelving location Date acquired Total Checkouts Full call number Barcode Date last seen Copy number Price effective from Koha item type
    Dewey Decimal Classification     London London News article 21/02/2001   WB3708-09 111072-1001 06/08/2019 1 06/08/2019 News article
    Dewey Decimal Classification     London London News article 21/02/2001   WB3708-09 111072-1002 06/08/2019 2 06/08/2019 News article